[Event "Wch U08 blitz"]
[Site "Batumi"]
[Date "2023.06.11"]
[Round "11"]
[White "Babkin, Timofey Dm"]
[Black "Goyal, Aryan"]
[Result "1-0"]
[WhiteElo "1145"]
[BlackElo "1283"]
[PlyCount "77"]
[EventDate "2023.06.10"]
[EventType "swiss (blitz)"]
[EventRounds "11"]
[EventCountry "GEO"]
[SourceTitle "EXT 2024"]
[Source "ChessBase"]
[SourceDate "2023.10.10"]
[SourceVersion "1"]
[SourceVersionDate "2023.10.10"]
[SourceQuality "1"]
[WhiteTeam "FIDE"]
[BlackTeam "Indien"]
[BlackTeamCountry "IND"]

1. e4 c5 2. Nf3 d6 3. c3 Nf6 4. Be2 g6 5. 0-0 Nc6 6. d4 cxd4 7. cxd4 Bg7 8. Nc3 e6 9. Bg5 h6 10. Bh4 g5 11. Bg3 0-0 12. h4 g4 13. Nh2 h5 14. f3 gxf3 15. Bxf3 Qb6 16. Bf2 Qxb2 17. Qd3 Qb4 18. Rab1 Qa5 19. Rb5 Qc7 20. Bxh5 a6 21. Rg5 Nxh5 22. Rxh5 e5 23. Nd5 Qd8 24. Rg5 f6 25. Rg3 Be6 26. h5 Kh7 27. Be3 Qe8 28. Nc7 Qxh5 29. Nxa8 Rxa8 30. d5 Nb4 31. Qb3 Qh4 32. Rff3 Qxe4 33. dxe6 d5 34. Rg4 Qc2 35. Rxb4 Qc6 36. Rh3+ Kg8 37. Rb6 Qc7 38. Qxd5 Rd8 39. e7+ 1-0

[Event "Wch U08 blitz"]
[Site "Batumi"]
[Date "2023.06.11"]
[Round "7"]
[White "Matevosyan, Hayk"]
[Black "Babkin, Timofey Dm"]
[Result "0-1"]
[WhiteElo "1173"]
[BlackElo "1145"]
[PlyCount "111"]
[EventDate "2023.06.10"]
[EventType "swiss (blitz)"]
[EventRounds "11"]
[EventCountry "GEO"]
[SourceTitle "EXT 2024"]
[Source "ChessBase"]
[SourceDate "2023.10.10"]
[SourceVersion "1"]
[SourceVersionDate "2023.10.10"]
[SourceQuality "1"]
[WhiteTeam "Armenia"]
[BlackTeam "FIDE"]
[WhiteTeamCountry "ARM"]

1. e4 d5 2. exd5 Qxd5 3. Nc3 Qa5 4. Nf3 Nf6 5. d4 Bg4 6. Be2 Nc6 7. h3 Bh5 8. Bd2 a6 9. a3 Qb6 10. d5 Bxf3 11. Bxf3 Ne5 12. Rb1 Nxf3+ 13. Qxf3 e6 14. Be3 Qd6 15. dxe6 Qxe6 16. Qxb7 Rd8 17. 0-0 Be7 18. Qf3 0-0 19. Rfe1 Qc4 20. Rbd1 Rde8 21. Qf4 Qc6 22. Qg3 Bd6 23. Bf4 Nh5 24. Bxd6 Nxg3 25. Bxf8 Rxf8 26. fxg3 Qb6+ 27. Kh2 Qxb2 28. Nd5 Qxc2 29. Ne7+ Kh8 30. Rf1 Qc5 31. Rxf7 Re8 32. Rdf1 h6 33. Ng6+ Kh7 34. Nf8+ Kg8 35. Ng6 Qd6 36. Nh4 Qe6 37. R7f2 Qd6 38. Nf5 Qxa3 39. Rf3 Qc5 40. Nh4 Qd6 41. Nf5 Qb6 42. Nh4 a5 43. Rf7 Qe6 44. R7f2 a4 45. Ra1 Ra8 46. Rfa2 Qa6 47. Nf3 a3 48. Nd4 c5 49. Nc2 Qb5 50. Nxa3 Qb3 51. g4 c4 52. g5 hxg5 53. g4 c3 54. Kg1 c2 55. Rxc2 Rxa3 56. Rc8+ 0-1

[Event "Wch U08 blitz"]
[Site "Batumi"]
[Date "2023.06.10"]
[Round "5"]
[White "Babkin, Timofey Dm"]
[Black "Esmer, Hamza"]
[Result "1-0"]
[WhiteElo "1145"]
[BlackElo "1661"]
[PlyCount "131"]
[EventDate "2023.06.10"]
[EventType "swiss (blitz)"]
[EventRounds "11"]
[EventCountry "GEO"]
[SourceTitle "EXT 2024"]
[Source "ChessBase"]
[SourceDate "2023.10.10"]
[SourceVersion "1"]
[SourceVersionDate "2023.10.10"]
[SourceQuality "1"]
[WhiteTeam "FIDE"]
[BlackTeam "Luxembourg"]
[BlackTeamCountry "LUX"]

1. e4 e5 2. Nf3 Nf6 3. Nxe5 d6 4. Nf3 Nxe4 5. Nc3 Nxc3 6. dxc3 Be7 7. Bd3 0-0 8. Bf4 Re8 9. 0-0 c5 10. Re1 Nc6 11. Ng5 h6 12. Nxf7 Qd7 13. Bc4 Kh7 14. Nxd6 Rf8 15. Bg3 Bxd6 16. Qxd6 Rd8 17. Bd3+ Kh8 18. Qxd7 Bxd7 19. Be4 Rac8 20. Rad1 Bg4 21. f3 Rxd1 22. Rxd1 Be6 23. Rd6 Bf7 24. Rd7 Be6 25. Rxb7 Na5 26. Rxa7 Nc4 27. b3 Nd2 28. Bd3 Nb1 29. Be5 Rg8 30. Kf2 Nd2 31. Ke2 Nb1 32. Kd1 c4 33. bxc4 Nxc3+ 34. Bxc3 Bc8 35. Ra8 Bb7 36. Rxg8+ Kxg8 37. Ke2 Bc8 38. Ke3 Bb7 39. Kd4 Bc8 40. Kc5 Bb7 41. Kb6 Ba8 42. c5 Kf7 43. Be4 Bxe4 44. fxe4 Ke8 45. Bxg7 Kd8 46. Bxh6 Kc8 47. c6 Kb8 48. c7+ Kc8 49. e5 Kd7 50. Kb7 Ke6 51. c8Q+ Kxe5 52. Bf4+ Kxf4 53. g3+ Kf3 54. Qc3+ Kg2 55. Qc6+ Kxh2 56. a4 Kxg3 57. Qf6 Kg4 58. Kc6 Kg3 59. Qf5 Kg2 60. Qf4 Kh1 61. Qd2 Kg1 62. Qe2 Kh1 63. Kd5 Kg1 64. Ke4 Kh1 65. Kf3 Kg1 66. Qg2# 1-0

[Event "Wch U08 blitz"]
[Site "Batumi"]
[Date "2023.06.10"]
[Round "6"]
[White "Babkin, Timofey Dm"]
[Black "Le, Phan Hoang Quan"]
[Result "0-1"]
[WhiteElo "1145"]
[BlackElo "1632"]
[PlyCount "72"]
[EventDate "2023.06.10"]
[EventType "swiss (blitz)"]
[EventRounds "11"]
[EventCountry "GEO"]
[SourceTitle "EXT 2024"]
[Source "ChessBase"]
[SourceDate "2023.10.10"]
[SourceVersion "1"]
[SourceVersionDate "2023.10.10"]
[SourceQuality "1"]
[WhiteTeam "FIDE"]
[BlackTeam "Vietnam"]
[BlackTeamCountry "VIE"]

1. e4 d5 2. exd5 Qxd5 3. Nc3 Qa5 4. d4 c6 5. Nf3 Nf6 6. Bc4 Bf5 7. Bd2 Qc7 8. Ne5 e6 9. 0-0 Bd6 10. f4 0-0 11. Bd3 Bxd3 12. Nxd3 Nbd7 13. Qf3 c5 14. dxc5 Nxc5 15. Nxc5 Bxc5+ 16. Be3 Qb6 17. Bxc5 Qxc5+ 18. Kh1 Rad8 19. Rad1 Qb4 20. b3 Rc8 21. Rd3 Rfd8 22. Rfd1 Rxd3 23. Qxd3 h6 24. Ne2 Ne4 25. Rf1 Nf2+ 26. Rxf2 Qe1+ 27. Ng1 Qxf2 28. c4 Qc5 29. Nf3 Qa3 30. Qd2 Qc5 31. Ne5 b5 32. Nd7 Qc7 33. Ne5 f6 34. Ng6 Rd8 35. Qc3 Rd1+ 36. Qe1 Rxe1# 0-1

[Event "Wch U08"]
[Site "Batumi"]
[Date "2022.09.24"]
[Round "8"]
[White "Nicolardi, Edoardo"]
[Black "Babkin, Timofey Dm"]
[Result "1/2-1/2"]
[WhiteElo "1213"]
[BlackElo "1033"]
[PlyCount "28"]
[EventDate "2022.09.16"]
[EventType "swiss"]
[EventRounds "11"]
[EventCountry "GEO"]
[SourceTitle "EXT 2023"]
[Source "ChessBase"]
[SourceDate "2022.10.05"]
[SourceVersion "1"]
[SourceVersionDate "2022.10.05"]
[SourceQuality "1"]

1. e4 d5 2. exd5 Qxd5 3. Nc3 Qa5 4. Be2 Nf6 5. Nf3 Bg4 6. 0-0 Nc6 7. d3 0-0-0 8. Be3 e6 9. a3 h5 10. b4 Qf5 11. h3 Bxf3 12. Bxf3 Nd5 13. Nxd5 exd5 14. d4 g5 1/2-1/2